000
00422nam a2200145Ia 4500
008
100122s9999 xx 000 0 und d
082
_b
10239
_a
823
100
_a
अग्निहोत्री अ शं
245
_a
तीन पिढया
260
_b
संजय प्रकाशन
_c
1960
300
_a
126
630
_a
तीन पिढया
730
_a
तीन पिढया
942
_c
BOOK
999
_c
401952
_d
401949